000 00217nam a22000857a 4500
001 1236296
005 20251001153605.0
245 _aBENJAMİN ANNA'YI SEVİYOR
_cPETER HARTLING
260 _bGÜNIŞIĞI KİTAPLIĞI YAYINLARI
999 _c1236296
_d1236296